书目信息 |
| 题名: |
越南民族历史上的几次战略决战
|
|
| 作者: | 潘辉黎 著 ;戴可来 译 | |
| 分册: | ||
| 出版信息: | 北京 世界知识出版社 1980 |
|
| 页数: | 300页 | |
| 开本: | 21cm | |
| 丛书名: | ||
| 单 册: | ||
| 中图分类: | K333.305 | |
| 科图分类: | ||
| 主题词: | 历史事件--越南 | |
| 电子资源: | ||
| ISBN: | ||
| 000 | 00707nam0 2200241 45 | |
| 001 | 0180000770 | |
| 005 | 20060801084343.20 | |
| 010 | @dCNY0.96 | |
| 091 | @aCN@b11003.503 | |
| 100 | @a19950601d1980 em y0chiy0121 ea | |
| 101 | 1 | @achi@cvie |
| 102 | @aCN@b110000 | |
| 105 | @ay z 000yy | |
| 200 | 10 | @a越南民族历史上的几次战略决战@Ayue nan min zu li shi shang de ji ci zhan lue jue zhan@f(越)潘辉黎等著@g戴可来译 |
| 210 | @a北京@c世界知识出版社@d1980 | |
| 215 | @a300页@d21cm | |
| 606 | @a历史事件@y越南 | |
| 690 | @aK333.305@v3 | |
| 701 | 0 | @a潘辉黎@Apan hui li@4著 |
| 702 | 0 | @a戴可来@Adai ke lai@4译 |
| 801 | 0 | @aCN@bTSSF@c20060801 |
| 801 | 2 | @aCN@bNLC@c20060728 |
| 905 | @a10447@dK333.305@e4 | |
| 越南民族历史上的几次战略决战/(越)潘辉黎等著/戴可来译.-北京:世界知识出版社,1980 |
| 300页;21cm |
| ISBN :CNY0.96 |
| ● |
| 相关链接 |
|
|
|
|
正题名:越南民族历史上的几次战略决战
索取号:K333.305/4
 
预约/预借
| 序号 | 登录号 | 条形码 | 馆藏地/架位号 | 状态 | 备注 |
| 1 | 0443804 | 204438046 | 密集书库/ [索取号:K333.305/4] | 在馆 | |
| 2 | 0443858 | 204438581 | 密集书库/ [索取号:K333.305/4] | 在馆 | |
| 3 | 0443859 | 204438590 | 密集书库/ [索取号:K333.305/4] | 在馆 | |
| 4 | 0444030 | 204440300 | 密集书库/ [索取号:K333.305/4] | 在馆 | |
| 5 | 0462740 | 204627403 | 密集书库/ [索取号:K333.305/4] | 在馆 | |
| 6 | 0466458 | 204664586 | 密集书库/ [索取号:K333.305/4] | 在馆 |